Nalaganje...

Psychoanalytic theory : an Introduction/

Bibliografske podrobnosti
Glavni avtor: Anthony Elliot
Format: Printed Book
Izdano: Oxford: Blackwell, 1994.
Teme:
LEADER 00554nam a22001571a 4500
020 |a 9780631188476 
082 |a 150.195  |b ANT/P 
100 |a Anthony Elliot  |9 81662 
245 |a Psychoanalytic theory :   |b an Introduction/  |c by Anthony Elliot 
260 |a Oxford:  |b Blackwell,  |c 1994. 
300 |a 183p. 
650 |a Psychology  |9 81663 
650 |a Psychoanalysis  |9 81664 
942 |c BK 
999 |c 36313  |d 36313 
952 |0 0  |1 0  |4 0  |6 150_195000000000000_ANT_P  |7 0  |9 52525  |a SSUS  |b SSUS  |d 2015-01-08  |g 0.00  |l 8  |m 2  |o 150.195 ANT/P  |p 026188  |r 2019-09-03  |s 2019-08-24  |v 0.00  |w 2015-01-08  |y BK